000 00476nam a2200193Ia 4500
003 0100
008 130303s9999 xx 000 0 und d
040 _cARRUPELIB
050 _aP90.C624 1980
100 _aTaylor, Anita
245 _aCommunicating
250 _asecond edition
260 _aEnglewood Cliffs, New Jersey
260 _bPrentice-Hall Inc
260 _C1980
300 _a449p
700 _aRosegrant, TeresaMeyer, ArthurSamples, B. Thomas
942 0 0 _01
999 _c26150
_d26150